| 000 | 00827nam a2200253Ia 4500 | ||
|---|---|---|---|
| 001 | 4377 | ||
| 003 | GE_BSU | ||
| 008 | 181216s||||||||xx |||||||||||||| ||und|| | ||
| 020 | _a5893780027 | ||
| 040 | _cGE_BSU | ||
| 080 | _a330(038)=81"374.81 | ||
| 245 | _aБольшой экономический словарь: 19000 терминов. | ||
| 245 | _cПод ред. А.Н. Азрилияна. ред. М.С. Кондратъева. | ||
| 250 | _aИзд. третье. стереотипное. | ||
| 260 | _aМосква | ||
| 260 | _bИн-т новой экономики. | ||
| 260 | _c1998. | ||
| 300 | _a860с. 26см. | ||
| 541 | _h29 л. 15 т. | ||
| 653 | _aБольшой экономический словарь. | ||
| 653 | _aЭкономика | ||
| 653 | _aეკონომიკა | ||
| 942 | _cBK | ||
| 999 |
_c38367 _d38367 |
||